Reservation policy in Tamil Nadu / (Record no. 40260)

MARC details
000 -LEADER
fixed length control field 00870nam a22002417a 4500
005 - DATE AND TIME OF LATEST TRANSACTION
control field 20100809112022.0
010 ## - LCCN (DPL NO)
LC control number ENG-98924
020 ## - INTERNATIONAL STANDARD BOOK NUMBER
Terms of availability 45.00
International Standard Book Number 8177355708
020 ## - INTERNATIONAL STANDARD BOOK NUMBER
Terms of availability 40.00
International Standard Book Number 9788177355703
035 ## - SYSTEM CONTROL NUMBER
System control number EN-82456
037 ## - SOURCE OF ACQUISITION
Source of stock number/acquisition DBAD/PUB
082 ## - DEWEY DECIMAL CLASSIFICATION NUMBER
Classification number 305.568095482
100 ## - MAIN ENTRY--PERSONAL NAME
Personal name Muthukumar, R.
245 ## - TITLE STATEMENT
Title Reservation policy in Tamil Nadu /
Statement of responsibility, etc by R.Muthukumar
260 ## - PUBLICATION, DISTRIBUTION, ETC. (IMPRINT)
Place of publication, distribution, etc Chennai
Name of publisher, distributor, etc Pavai Publications
Date of publication, distribution, etc 2008
270 ## - ADDRESS
Address 16, Jani Jan Khan Road, Royapettah
City Chennai
Postal code 600014
300 ## - PHYSICAL DESCRIPTION
Extent 122p.
Dimensions 21cm (pbk)
500 ## - GENERAL NOTE
General note includes bibliographical references
650 ## - SUBJECT ADDED ENTRY--TOPICAL TERM
Topical term or geographic name as entry element Reservation - Government policy
650 ## - SUBJECT ADDED ENTRY--TOPICAL TERM
Topical term or geographic name as entry element Equality
942 ## - ADDED ENTRY ELEMENTS (KOHA)
Source of classification or shelving scheme Dewey Decimal Classification
Item type English Books
Classification part 305.568095482
Call number suffix MUT
Holdings
Withdrawn status Lost status Not for loan Collection code Home library Current library Date acquired Source of acquisition Cost, normal purchase price Full call number Barcode Copy number Cost, replacement price Koha item type
    Not For Loan Non-fiction D.B.Act.Division D.B.Act.Division 09/08/2010 DBAD/PUB 45.00 305.568095482 MUT EN-82456 1 45.00 English Books

© Delhi Public Library
Hit Counter
free hit counter